| 000 | 01322nam a2200385 c 4500 | ||
|---|---|---|---|
| 001 | 23159 | ||
| 003 | ES-MaCES | ||
| 005 | 20141221122828.0 | ||
| 008 | 100708s2009 pe d t m100 | spa d | ||
| 017 |
_a2010-06077 _bDL |
||
| 035 | _aCES20100005397m | ||
| 040 |
_aES-MaCES _bspa _cES-MaCES |
||
| 100 | 1 |
_aCornejo, Rebeca _99986 |
|
| 245 | 1 | 3 |
_aEl mercado de trabajo de las mujeres de los países andinos _c[doc. elaborado por Rebeca Cornejo] |
| 250 | _a1ª ed | ||
| 260 |
_a[Lima] _bConsejo Consultivo Laboral Andino-CCLA _bInstituto Laboral Andino-ILA _c2009 |
||
| 300 |
_a86 p. _bgráf. bl. y n. _c21 cm |
||
| 504 | _aBibliografía: p. 83-86 | ||
| 541 | _cGratuito | ||
| 650 | 4 |
_amercado de trabajo _928292 |
|
| 650 | 4 |
_amujeres _928657 |
|
| 650 | 4 |
_atrabajadora _928413 |
|
| 650 | 4 |
_aanálisis del mercado de mano de obra _930745 |
|
| 650 | 4 |
_adiscriminación por razones de sexo _929521 |
|
| 650 | 4 |
_asegmentación del mercado de trabajo _929566 |
|
| 650 | 4 |
_areproducción _928650 |
|
| 650 | 4 |
_afactor tiempo _928906 |
|
| 650 | 4 |
_aregión andina _926765 |
|
| 653 | 1 | 0 | _aMujer |
| 710 | 2 |
_aConsejo Consultivo Laboral Andino _eed. _92353 |
|
| 710 | 2 |
_aInstituto Laboral Andino _eed. _94250 |
|
| 902 | _aDOC Literatura gris | ||
| 942 |
_2CES _cBK _h3.3. |
||
| 999 |
_c23159 _d23159 |
||